[Event "THE FAST & FURIOUS #6"]
[Site "SchemingMind.com"]
[Date "2015.08.13"]
[Round "-"]
[White "Quaff"]
[Black "grabapawn"]
[Result "1-0"]
[WhiteCountry "ENG"]
[BlackCountry "USA"]
[WhiteElo "1640"]
[WhiteRD "66"]
[BlackElo "1585"]
[BlackRD "66"]
[GameID "385932"]

1. e4 e5 2. Nf3 Nc6 3. Bc4 Nf6 4. d3 Bc5 5. c3 d5 6. exd5 Nxd5 7. b4 Bb6 8. a4 a6 9. a5 Ba7 10. h3 Bf5
11. Nh2 Nf4 12. Bxf4 exf4 13. O-O O-O 14. Na3 Qg5 15. Nf3 Qg6 16. Nh4 Qg5 17. Nxf5 Qxf5 18. Nc2 Ne5 19. Nd4 Qg5 20. Nf3 Nxf3+
21. Qxf3 c6 22. d4 Rfe8 23. Rfe1 Rad8 24. Re4 Bb8 25. Rae1 Kf8 26. Rxe8+ Rxe8 27. Rxe8+ Kxe8 28. Qe4+ Kf8 29. Qxh7 Bd6 30. Qe4 Qf6
31. Bd3 g5 32. Qf5 Ke7 33. Qc8 Qe6 34. Qxb7+ Kf6 35. Qxc6 Qe1+ 36. Bf1 Ke7 37. Qf3 Qc1 38. Qe2+ Kf6 39. Qd3 Kg7 40. d5 f6
41. Qxa6 Be5 42. Qc4 Kg6 43. b5 Qxc3 44. Qxc3 Bxc3 45. a6 Bd4 46. Bd3+ Kf7 47. Bf5 Ke7 48. Bc8 Kd6= 49. Bb7 Ba7 50. Kf1 Ke7
51. Ke2 Kd6 52. g3 fxg3 53. fxg3 Bb6 54. Kf3 f5 55. h4
1-0

[Event "THE FAST & FURIOUS #6"]
[Site "SchemingMind.com"]
[Date "2015.08.18"]
[Round "-"]
[White "grabapawn"]
[Black "emvarela"]
[Result "1-0"]
[WhiteCountry "USA"]
[BlackCountry "ARG"]
[WhiteElo "1594"]
[WhiteRD "58"]
[BlackElo "1741"]
[BlackRD "50"]
[GameID "385933"]

1. e4 e5 2. d4 exd4 3. c3 dxc3 4. Nxc3 d6 5. Nf3 Bg4 6. Bf4 Nf6 7. Bc4 c6 8. h3 Bxf3 9. Qxf3 Nbd7 10. O-O-O Nb6
11. Bb3 Qd7 12. g4 O-O-O 13. Be3 h6 14. e5 Ne8 15. Bc2 d5 16. Bf5
1-0

[Event "THE FAST & FURIOUS #6"]
[Site "SchemingMind.com"]
[Date "2015.08.18"]
[Round "-"]
[White "emvarela"]
[Black "grabapawn"]
[Result "1-0"]
[WhiteCountry "ARG"]
[BlackCountry "USA"]
[WhiteElo "1741"]
[WhiteRD "50"]
[BlackElo "1594"]
[BlackRD "58"]
[GameID "385934"]

1. e4 c5 2. Nf3 d6 3. d4 cxd4 4. Nxd4 Nf6 5. Nc3 g6 6. Be3 Bg7 7. Be2 O-O 8. O-O a6 9. Qd2 Bd7 10. Nb3 Nc6
11. a3 Ne5 12. f4 Nc6 13. Rad1 e6 14. Qxd6 Qc8 15. e5 Ne8 16. Qxd7 Nc7 17. Qxc8 Raxc8 18. Bf3 f6 19. Bxc6 bxc6 20. exf6 Bxf6
21. Bd4 Nd5 22. Nxd5 cxd5 23. Bxf6 Rxf6 24. Nd4 h5 25. c3 a5 26. g3 a4 27. Rde1 Re8 28. Re5 Kf7 29. Nf3 Kg7 30. Rfe1 Re7
31. Ng5 Kf8 32. Nxe6+ Ke8 33. Nc7+
1-0

[Event "THE FAST & FURIOUS #6"]
[Site "SchemingMind.com"]
[Date "2015.08.13"]
[Round "-"]
[White "grabapawn"]
[Black "Arthur Wilding"]
[Result "1-0"]
[WhiteCountry "USA"]
[BlackCountry "WLS"]
[WhiteElo "1585"]
[WhiteRD "66"]
[BlackElo "1253"]
[BlackRD "70"]
[GameID "385935"]

1. e4 e5 2. Nf3 d6 3. Nc3 Bg4 4. Bb5+ Nc6 5. h3 Bd7 6. d4 exd4 7. Nxd4 a6 8. Ba4 Nxd4 9. Qxd4 Nf6 10. Bg5 Be7
11. O-O-O O-O 12. f4 h6 13. Bh4 c6 14. e5 dxe5 15. fxe5 Nh7 16. Bxe7 Qxe7 17. Qxd7 Qxd7 18. Rxd7 Ng5 19. h4 Ne6 20. Ne4 Nf4
21. g3 Ne6 22. Rxb7 c5 23. Bb3 Nd4 24. Bc4 Rae8 25. Nxc5 Ne6 26. Nd7 Rc8 27. b3 Rfd8 28. Nb6 Rc6 29. Nd5 Nd4 30. Ne7+ Kh7
31. Nxc6 Nxc6 32. Rf1 Nxe5 33. Bxa6 Rf8 34. c4 Ra8 35. Rb6 h5 36. a4 f6 37. Bb7 Rd8 38. Be4+ Kh8 39. Rd1 Rxd1+ 40. Kxd1 Kg8
41. Rb8+ Kf7 42. a5 Nd7 43. Rb7 Ke7 44. a6 Kd6 45. b4
1-0

[Event "THE FAST & FURIOUS #6"]
[Site "SchemingMind.com"]
[Date "2015.08.13"]
[Round "-"]
[White "Arthur Wilding"]
[Black "grabapawn"]
[Result "0-1"]
[WhiteCountry "WLS"]
[BlackCountry "USA"]
[WhiteElo "1253"]
[WhiteRD "70"]
[BlackElo "1585"]
[BlackRD "66"]
[GameID "385936"]

1. d4 d5 2. e3 Nf6 3. Nc3 Nc6 4. Bb5 a6 5. Be2 e5 6. dxe5 Nxe5 7. Nf3 Qd6 8. Nxe5 Qxe5 9. O-O c5 10. Re1 Bd6
11. g3 Bh3 12. a4 O-O 13. Rb1 Bc7 14. Bf1 Bxf1 15. Rxf1 d4 16. Ne2 Ng4 17. exd4 Qh5 18. h3 Qxh3 19. f3 Qh2#
0-1

[Event "THE FAST & FURIOUS #6"]
[Site "SchemingMind.com"]
[Date "2015.08.13"]
[Round "-"]
[White "grabapawn"]
[Black "ray winteringham"]
[Result "0-1"]
[WhiteCountry "USA"]
[BlackCountry "ENG"]
[WhiteElo "1585"]
[WhiteRD "66"]
[BlackElo "1499"]
[BlackRD "50"]
[GameID "385937"]

1. e4 e5 2. Nf3 Nc6 3. Bc4 h6 4. Nc3 Nf6 5. d3 Bc5 6. Be3 Bxe3 7. fxe3 O-O 8. Qd2 d6 9. O-O-O Bg4 10. h3 Bxf3
11. gxf3 Ne7 12. Rdg1 Ng6 13. h4 Nh5 14. Qf2 Kh7 15. d4 exd4 16. exd4 Nhf4 17. Nd5 c6 18. Nxf4 Nxf4 19. Qg3 Qf6 20. c3 d5
21. exd5 cxd5 22. Bf1 Rg8 23. Kd2 Nh5 24. Bd3+ Kh8 25. Qg4 Qf4+ 26. Kc2 Qxg4 27. fxg4 Nf4 28. h5 Rae8 29. Bb5 Re7 30. g5 Kh7
31. Ba4 Re2+ 32. Kb3 Nd3 33. Rd1 Nxb2 34. Bb5 Nxd1 35. Bxe2 Ne3 36. Bf3 hxg5 37. Re1 Nf5 38. Bxd5 Rf8 39. Be4 g6 40. hxg6+ fxg6
41. d5 Rd8 42. Rg1 Nd6 43. Bd3 Kh6 44. Rh1+ Kg7 45. a4 Nf5 46. c4 b6 47. Re1 Rd7 48. Re5 Kf6 49. Re6+ Kg7 50. Bf1 Nd4+
51. Kb4 a5+ 52. Kc3 Nxe6 53. Bh3 Re7 54. Bxe6 Kf6 55. Kd4 Rh7 56. Bg8 Re7 57. c5 bxc5+ 58. Kxc5 g4 59. d6 Re8 60. Kc6 Rxg8
61. Kc7 g3 62. d7 g2 63. d8=Q+ Rxd8
0-1

[Event "THE FAST & FURIOUS #6"]
[Site "SchemingMind.com"]
[Date "2015.08.13"]
[Round "-"]
[White "ray winteringham"]
[Black "grabapawn"]
[Result "0-1"]
[WhiteCountry "ENG"]
[BlackCountry "USA"]
[WhiteElo "1499"]
[WhiteRD "50"]
[BlackElo "1585"]
[BlackRD "66"]
[GameID "385938"]

1. e4 e5 2. Nf3 Nc6 3. g3 Nf6 4. d3 Bc5 5. Bg2 d5 6. exd5 Nxd5 7. Bd2 O-O 8. Bc3 Bg4 9. O-O Qd6 10. Nbd2 Nxc3
11. bxc3 Rfe8 12. Qb1 Rab8 13. Ne4 Qe7 14. Re1 Bb6 15. c4 f5 16. Nc3 Qc5 17. Na4 Qxf2+
0-1

[Event "THE FAST & FURIOUS #6"]
[Site "SchemingMind.com"]
[Date "2015.08.13"]
[Round "-"]
[White "grabapawn"]
[Black "frankly"]
[Result "0-1"]
[WhiteCountry "USA"]
[BlackCountry "ENG"]
[WhiteElo "1585"]
[WhiteRD "66"]
[BlackElo "2460"]
[BlackRD "56"]
[GameID "385939"]

1. e4 c5 2. Nc3 Nc6 3. Nf3 e5 4. Bc4 d6 5. d3 Be7 6. Be3 Nf6 7. Qd2 Nd4 8. O-O O-O 9. Nd5 Nxf3+ 10. gxf3 Nxd5
11. Bxd5 Be6 12. Kh1 Bxd5 13. exd5 Qd7 14. Rg1 Rfe8 15. Rg2 b5 16. Rag1 g6 17. Rg4 f5 18. R4g2 f4 19. Bxf4 exf4 20. Qxf4 Bf8
21. h4 Bg7 22. h5 Rf8 23. hxg6 Rxf4 24. gxh7+ Kh8
0-1

[Event "THE FAST & FURIOUS #6"]
[Site "SchemingMind.com"]
[Date "2015.08.13"]
[Round "-"]
[White "frankly"]
[Black "grabapawn"]
[Result "1-0"]
[WhiteCountry "ENG"]
[BlackCountry "USA"]
[WhiteElo "2460"]
[WhiteRD "56"]
[BlackElo "1585"]
[BlackRD "66"]
[GameID "385940"]

1. d4 d5 2. Nf3 Nf6 3. c4 Nc6 4. cxd5 Nxd5 5. e4 Nb6 6. d5 Nb8 7. a4 Bg4 8. Qb3 a5 9. Ne5 Bh5 10. Qh3 g6
11. g4 Bg7 12. Bf4 f6 13. Nf3 g5 14. Qxh5+ Kf8 15. Nd4 Qe8 16. Ne6+
1-0

[Event "THE FAST & FURIOUS #6"]
[Site "SchemingMind.com"]
[Date "2015.08.13"]
[Round "-"]
[White "grabapawn"]
[Black "Ramesh Panwar"]
[Result "0-1"]
[WhiteCountry "USA"]
[BlackCountry "IND"]
[WhiteElo "1585"]
[WhiteRD "66"]
[BlackElo "2377"]
[BlackRD "57"]
[GameID "385941"]

1. e4 c5 2. Nc3 Nc6 3. Nf3 e5 4. Bc4 Be7 5. d3 d6 6. Be3 Nf6 7. Qd2 O-O 8. O-O-O a6 9. Nd5 Rb8 10. h3 b5
11. Bb3 Nxd5 12. Bxd5 Nb4 13. Bb3 a5 14. a3 Nc6 15. g4 Be6 16. c3 Bxb3 17. Rdg1 b4 18. cxb4 axb4 19. Qe1 bxa3 20. bxa3 d5
21. exd5 Qxd5 22. Qc3 Nd4 23. Ng5 Ne2+
0-1

[Event "THE FAST & FURIOUS #6"]
[Site "SchemingMind.com"]
[Date "2015.08.13"]
[Round "-"]
[White "Ramesh Panwar"]
[Black "grabapawn"]
[Result "1-0"]
[WhiteCountry "IND"]
[BlackCountry "USA"]
[WhiteElo "2377"]
[WhiteRD "57"]
[BlackElo "1585"]
[BlackRD "66"]
[GameID "385942"]

1. c4 Nc6 2. d4 d5 3. Nf3 Nf6 4. cxd5 Nxd5 5. e4 Nb6 6. d5 Na5 7. Bd2 Nac4 8. Bxc4 Nxc4 9. Qa4+ Bd7 10. Qxc4 e6
11. dxe6 Bxe6 12. Qb5+ c6 13. Qxb7 Rc8 14. Qxa7 Be7 15. Nc3 O-O 16. O-O f5 17. Rfe1 f4 18. Ne2 g5 19. Ned4 Bg4 20. Ne5 Ra8
21. Qb7 Bf6 22. Nxg4 Bxd4 23. Bc3 Bxc3 24. Qb3+ Kg7 25. Qxc3+ Kf7 26. Rad1 Qc8 27. Nh6+ Kg6 28. Rd6+
1-0